00250nam a2200097Ia 4500008004000000082002000040100002100060245003200081260003100113300000800144210210b1988 xxu||||| |||| 00| 0 eng d a001.6424WS CLAW aCLARK (David J). aWordstar instant reference. aNDbBPB publicationsc1988 a314